| 000 | 01227nam a2200277 i 4500 | ||
|---|---|---|---|
| 001 | bg | ||
| 100 | 1 | _aZUBRZYCKI, Janusz. | |
| 245 | 1 | 0 |
_aŚrodki trwałe oraz wartości niematerialne i prawne 1998 : _b280 pytań i odpowiedzi : środki trwałe a koszty uzyskania przychodów, amortyzacja podatkowa i bilansowa, zasady ustalania wartości początkowej, VAT w środkach trwałych, ewidencja, ulgi inwestycyjne, leasing środków trwałych / _cJanusz Zubrzycki, Małgorzata Grzybowska, Małgorzata Wieczorek-Fronia. |
| 260 |
_aWrocław : _b"Unimex", _c1998. |
||
| 300 |
_a403 s. ; _c24 cm. |
||
| 650 | 9 |
_aAmortyzacja _xprawo _zPolska _ystan na 1998 r. |
|
| 650 | 9 |
_aInwestycje _xprawo _zPolska _ystan na 1998 r. |
|
| 650 | 9 |
_aLeasing _xprawo _zPolska _ystan na 1998 r. |
|
| 650 | 9 |
_aPodatek dochodowy _xrachunkowość _xprawo _zPolska _ystan na 1998 r. |
|
| 650 | 9 |
_aŚrodki trwałe _xprawo _zPolska _ystan na 1998 r. |
|
| 655 | _aPoradniki | ||
| 700 | 1 | _aGRZYBOWSKA, Małgorzata. | |
| 700 | 1 | _aWIECZOREK-FRONIA, Małgorzata. | |
| 020 | _a839073186X | ||
| 040 | _cBPK | ||
| 041 | 0 | _apl | |
| 080 | _a342.951:351.72:658.2:336.2:657](438) | ||
| 920 | _a83-907318-6-X | ||
| 942 | _cKS | ||
| 008 | s pl f |000 0 pol | ||
| 999 |
_c33102 _d33102 |
||
| 856 |
_uhttp://koha.tu.koszalin.pl/cgi-bin/koha/opac-detail.pl?biblionumber=33102 _yKatalog online BPK |
||